Misdescription : vendors beware (Record no. 33790)
[ view plain ]
| 000 -LEADER | |
|---|---|
| fixed length control field | 01100cab a2200229 4500 |
| 001 - CONTROL NUMBER | |
| control field | ABS52027 |
| 008 - FIXED-LENGTH DATA ELEMENTS--GENERAL INFORMATION | |
| fixed length control field | 090401t1995 xxu||||| |||| 00| 0 eng d |
| 035 ## - SYSTEM CONTROL NUMBER | |
| System control number | (Sirsi) u55324 |
| 041 ## - LANGUAGE CODE | |
| Language code of text/sound track or separate title | eng |
| 100 ## - MAIN ENTRY--PERSONAL NAME | |
| Personal name | Samson, J. |
| 245 ## - TITLE STATEMENT | |
| Title | Misdescription : vendors beware |
| 260 ## - PUBLICATION, DISTRIBUTION, ETC. | |
| Date of publication, distribution, etc. | 1995 |
| 350 ## - PRICE (NR) (BK AM CF MU VM SE) [OBSOLETE] | |
| Price | 0 |
| 490 ## - SERIES STATEMENT | |
| Series statement | Estates Gazette |
| Volume/sequential designation | (9504) 28 January 1995, 76(1) |
| 520 ## - SUMMARY, ETC. | |
| Summary, etc. | Discusses decisions on property misdescriptions at auction which find that the onus is on the vendor and his auctioneers to be accurate. Cases include "Museprime Properties Ltd v Adhill Properties Ltd" (Abs43413), "Atlantic Estates Ltd v Ezekiel" (WB2719-01), "St Marylebone Property Co Ltd v Payne" (Abs51659), "King Brothers (Finance) Ltd v North Western British Road Services Ltd", "Rignall Developments v Halil" (Abs37864), "Production Techology Consultants v Bartlett" (Abs39393) and "McCullagh v Lane Fox and Partners Ltd" (Abs50202). |
| 650 ## - SUBJECT ADDED ENTRY--TOPICAL TERM | |
| Topical term or geographic name entry element | Auctioneering |
| 9 (RLIN) | 6218 |
| 650 ## - SUBJECT ADDED ENTRY--TOPICAL TERM | |
| Topical term or geographic name entry element | PROPERTY MISDESCRIPTIONS |
| 690 ## - LOCAL SUBJECT ADDED ENTRY--TOPICAL TERM (OCLC, RLIN) | |
| Topical term or geographic name as entry element | Auctioneering |
| 9 (RLIN) | 6218 |
| 700 ## - ADDED ENTRY--PERSONAL NAME | |
| Personal name | Radgick, J. |
| 942 ## - ADDED ENTRY ELEMENTS (KOHA) | |
| Suppress in OPAC | 0 |
| 948 ## - LOCAL PROCESSING INFORMATION (OCLC); SERIES PART DESIGNATOR (RLIN) | |
| c (OCLC) | 04/03/1997 |
| Withdrawn status | Lost status | Source of classification or shelving scheme | Damaged status | Not for loan | Home library | Current library | Shelving location | Date acquired | Total Checkouts | Full call number | Barcode | Date last seen | Copy number | Price effective from | Koha item type |
|---|---|---|---|---|---|---|---|---|---|---|---|---|---|---|---|
| Dewey Decimal Classification | London | London | Journal article | 14/09/1999 | ABS52027 | 55324-1001 | 06/08/2019 | 1 | 06/08/2019 | Journal article |